| 000 | 00530cam a22001817i 4500 | ||
|---|---|---|---|
| 003 | OSt | ||
| 005 | 20161130132047.0 | ||
| 008 | 161130c20169999fr ha7| r b fre d | ||
| 010 | _ac | ||
| 020 | _a9782021283143 | ||
| 040 |
_bcat _cCDMR |
||
| 245 | 3 |
_aLe Canard enchaîné _b: 100 ans : un siècle d'articles et de dessins _cchoisis par Laurent Martin et Bernard Comment |
|
| 260 |
_aParis : _bSeuil, _c2016 |
||
| 300 |
_a613 p. _bil. _c31 cm |
||
| 500 | _aExemplar dedicat | ||
| 650 | 0 | 0 |
_93084 _aHumorisme gràfic |
| 942 |
_cMON _2udc |
||
| 999 |
_c6979 _d6979 |
||